Emerging crosslinking techniques for glove manufacturers with improved nitrile glove properties and reduced allergic risks (Record no. 58567)

MARC details
000 -LEADER
fixed length control field 00689nam a2200241Ia 4500
100 ## - MAIN ENTRY--AUTHOR NAME
Personal name Yew G.Y
245 #0 - TITLE STATEMENT
Title Emerging crosslinking techniques for glove manufacturers with improved nitrile glove properties and reduced allergic risks
260 ## - PUBLICATION, DISTRIBUTION, ETC. (IMPRINT)
Name of publisher Materialstoday Communications
Year of publication 2020
300 ## - PHYSICAL DESCRIPTION
Number of Pages 39-50
650 ## - SUBJECT ADDED ENTRY--TOPICAL TERM
Topical Term Crosslinker
650 ## - SUBJECT ADDED ENTRY--TOPICAL TERM
Topical Term Disposable glove
650 ## - SUBJECT ADDED ENTRY--TOPICAL TERM
Topical Term Metal ions
650 ## - SUBJECT ADDED ENTRY--TOPICAL TERM
Topical Term Nitrile rubber
650 ## - SUBJECT ADDED ENTRY--TOPICAL TERM
Topical Term Surgical glove
700 ## - ADDED ENTRY--PERSONAL NAME
Personal name Chu D.T
700 ## - ADDED ENTRY--PERSONAL NAME
Personal name Law C.L
700 ## - ADDED ENTRY--PERSONAL NAME
Personal name Ogino C
700 ## - ADDED ENTRY--PERSONAL NAME
Personal name Show P.L
700 ## - ADDED ENTRY--PERSONAL NAME
Personal name Tham T.C
856 ## - ELECTRONIC LOCATION AND ACCESS
Uniform Resource Identifier doi.org/10.1016/j.mtcomm.2018.12.014
942 ## - ADDED ENTRY ELEMENTS (KOHA)
Koha item type Journals
Holdings
Withdrawn status Lost status Damaged status Not for loan Home library Current library Shelving location Date acquired Serial Enumeration / chronology Koha item type
      Journals RRII Library RRII Library Rubber technology 01/01/2021 Volume 19, Issue June Journals